000 00324nam a2200145Ia 4500
100 _aBalagurusamy/ E.&
942 _cBK
366 _f15
654 _aProgramming with JAVA
245 _aProgramming with JAVA
260 _bTata Mc Graw hill Ltd.
_aNewDelhi
_c2002
082 _a5.13
300 _a453
546 _aENGLISH
999 _c34714
_d34714